Adaptations des Films Disney en Prises de Vue Réelles - Statistiques

Statistiques générales
  • Ce quiz a été pris 1 105 fois
    696 depuis la dernière actualisation
  • Le résultat moyen est 8 sur 15
Statistiques - réponses
Année Adaptation Filmique % Correct
2015 Cendrillon
87%
2017 La Belle et la Bête
85%
2019 Le Roi Lion
79%
2023 La Petite Sirène
77%
? Blanche-Neige
73%
2020 Mulan
67%
2019 Aladdin
61%
2016 Le Livre de la Jungle
49%
2022 Pinocchio
43%
1996 Les 101 Dalmatiens
42%
2019 Dumbo
40%
2019 La Belle et le Clochard
37%
2010 Alice au Pays des Merveilles
36%
2022 Peter Pan
35%
2016 Peter et Elliott le Dragon
7%
Aucun quiz correspondant
Distribution des résultats
% des personnes avec chaque résultat
Percentile par nombre de réponses
Votre historique - résultats
Vous n’avez pas pris ce quiz depuis la dernière actualisation